The magic life : (Record no. 23477)

000 -LEADER
fixed length control field 01018cam a2200289 a 4500
001 - CONTROL NUMBER
control field 3091774
005 - DATE AND TIME OF LATEST TRANSACTION
control field 20170126114231.0
008 - FIXED-LENGTH DATA ELEMENTS--GENERAL INFORMATION
fixed length control field 980601s1998 nyu 000 1 eng
010 ## - LIBRARY OF CONGRESS CONTROL NUMBER
LC control number 98086217
020 ## - INTERNATIONAL STANDARD BOOK NUMBER
International Standard Book Number 0966528166 (hardcover : acidfree paper)
040 ## - CATALOGING SOURCE
Original cataloging agency DLC
Transcribing agency DLC
Modifying agency DLC
050 00 - LIBRARY OF CONGRESS CALL NUMBER
Classification number PS3569
Item number .T33629M34 1998
100 1# - MAIN ENTRY--PERSONAL NAME
Personal name Starry, Ace.
245 14 - TITLE STATEMENT
Title The magic life :
Remainder of title a novel philosophy /
Statement of responsibility, etc. Ace Starry.
260 ## - PUBLICATION, DISTRIBUTION, ETC. (IMPRINT)
Place of publication, distribution, etc. Yonkers, NY :
Name of publisher, distributor, etc. Rare Bird Press,
Date of publication, distribution, etc. c1998.
300 ## - PHYSICAL DESCRIPTION
Extent 250 p. :
Dimensions 24 cm.
650 #0 - SUBJECT ADDED ENTRY--TOPICAL TERM
Topical term or geographic name as entry element Magicians
General subdivision Fiction.
655 #7 - INDEX TERM--GENRE/FORM
Genre/form data or focus term Autobiographical fiction.
Source of term gsafd
655 #7 - INDEX TERM--GENRE/FORM
Genre/form data or focus term Didactic fiction.
Source of term gsafd
942 ## - ADDED ENTRY ELEMENTS (KOHA)
Source of classification or shelving scheme
Koha item type Hard Covered Materials
Classification part PS3569 .T33629M34 1998

No items available.

© Machakos University Library, Along The Highway, Machakos Wote Rd, Machakos, Kenya P.O. Box 136 - 90100 Machakos - Kenya

Tel: ( +254 ) 723 805829 OR Fax : 044-20353 OR Email: library@mksu.ac.ke